| 000 | 01088nam a2200325 c 4500 | ||
|---|---|---|---|
| 999 |
_c106138 _d106138 |
||
| 003 | BLK | ||
| 005 | 20220225155444.0 | ||
| 008 | 180409b bul|||||r ||||||| ||bul|| | ||
| 010 | _aKNG00111391000 | ||
| 040 | _aBLK | ||
| 041 |
_aBUL _cBUL |
||
| 072 | 7 |
_2bullib _aК _xКраезнание |
|
| 072 | 7 |
_2bullib _aЯ _xАвтографи |
|
| 080 |
_aБългарска литература _b821.163.2 _x-1 _z821.163.2-1 |
||
| 100 | 1 |
_aМанев, Красимир _eпърви автор _9244087 |
|
| 139 |
_aМанев, Красимир _bМ 25 |
||
| 245 | 1 | 0 |
_aВ сезоните на моя бяг _bЛирика _cКрасимир Манев; худож. Панчо Панев. |
| 257 | _aBGR | ||
| 260 |
_bИзд. авт. _c2003 |
||
| 300 |
_a53 с. _bс ил. _c20 см |
||
| 380 | _aX | ||
| 659 | _aК | ||
| 659 | _aЯ | ||
| 700 | 1 |
_aПанев, Панчо _eхудож. _9367803 |
|
| 852 | _aЦб 218314 | ||
| 852 | _aК 821.163.2/М 25 К | ||
| 856 | 4 | _qpdf | |
| 856 | 4 | _qpdf | |
| 942 |
_cKNG _n0 _s1 |
||
| 944 |
_aCR _c27.02.2004 _kЦветанка_Енчева |
||
| 944 |
_aED _c20.11.2014 _kРенета_Константинова |
||
| 999 | _d106138 | ||